World Capitals Closest to Gitega - One Minute Sprint - Statistics

General Stats
  • This quiz has been taken 24 times
  • The average score is 13 of 20
Answer Stats
km capital miles % Correct
164 Kigali 102
95%
515 Kampala 320
90%
1631 Kinshasa 1013
86%
714 Dodoma 444
81%
1821 Mogadishu 1131
81%
803 Nairobi 499
81%
1633 Brazzaville 1015
76%
941 Juba 585
76%
1535 Bangui 954
67%
2127 Khartoum 1321
67%
1694 Addis Ababa 1053
62%
1608 Harare 999
62%
2316 Libreville 1439
57%
1344 Lusaka 835
57%
2200 Yaoundé 1367
52%
1247 Lilongwe 775
48%
2221 Djibouti 1380
43%
1937 Luanda 1203
43%
2312 Asmara 1436
38%
1734 Moroni 1078
29%
No matching quizzes found
Score Distribution
Percent of People with Each Score
Percentile by Number Answered
Your Score History
You have not taken this quiz